000 00484cam a22001934a 4500
005 20250605164253.0
008 250528s ||||||||||||||||||||||||d
035 _a21838
020 _a9780521182089
040 _aGR-AtMCL
_bgre
_dGR-AtMCL
_eAACR2
245 1 _aSTAHL'S ESSENTIAL PSYCHOPHARMACOLOGY
250 _a1
260 _bCambridge University Press,
_c2011
300 _a483
700 1 _aStahl Stephen M
_97747
942 _cBK
999 _c6896
_d6896